000 00863nam a2200289 b 4500
003 DO-SdBNP
005 20180124100750.0
007 0038
008 180124b pr 1982 |||| 00| 0 spa d
016 _a
020 _a0847735036
035 _a
040 _aBPMSU
_bspa
_cBPMSU
_e
041 1 _aspa
_h
080 _a
082 _aPR 860.9
_bC566e
_2
100 1 _aCiarlo, Héctor Oscar.
_d
245 1 3 _aEl escritor y su obra :
_b al encuentro de Concha Meléndez y otros ensayos /
_cHéctor O. Ciarlo
_h
260 _aRío Piedras, P.R. :
_bUniversidad de Puerto Rico ;
_c1982.
300 _a138 p. ;
_c 21 cm.
600 1 7 _a Meléndez, Concha,
_d 1895-1983.
_v
_2
600 1 _a MORALES, JORGE LUIS
_x CRÍTICA E INTERPRETACIÓN
650 _2
942 _2ddc
_cBK
945 _aInventariado, 2018 / BT
956 _aBTAVAREZ
_b10
_c20180124
_d0038
999 _c9483
_d9483